Louis Tomlinson - Sleepwalking - All lyrics - Statistics

General Stats
  • This quiz has been taken 5 times
  • The average score is 77 of 153
Answer Stats
Answer % Correct
I
100%
sleep
100%
the
100%
then
100%
you
100%
your
100%
a
75%
But
75%
but
75%
in
75%
life
75%
my
75%
of
75%
Sleepwalking,
75%
sleepwalking
75%
Sleepwalking
75%
spent
75%
Talk
75%
talking
75%
don't
50%
Don't
50%
eyes
50%
I'm
50%
know
50%
me
50%
Now
50%
on
50%
one
50%
only
50%
see
50%
walk
50%
was
50%
why
50%
alone,
25%
always
25%
by
25%
call
25%
caught
25%
falling
25%
feet
25%
follow
25%
Follow
25%
forget
25%
Free
25%
half
25%
hazy
25%
hurt,
25%
it
25%
It's
25%
Just
25%
just
25%
kind
25%
out
25%
Out
25%
over,
25%
phone
25%
So
25%
thought
25%
through
25%
to
25%
watch
25%
watching
25%
While
25%
with
25%
cigarette
0%
come
0%
daydreaming
0%
Feels
0%
helps
0%
mind
0%
Pass
0%
satellite
0%
satellites
0%
silhouette
0%
smoke
0%
there
0%
thing
0%
tonight
0%
weird,
0%
No matching quizzes found
Score Distribution
Percent of People with Each Score
Percentile by Number Answered
Your Score History
You have not taken this quiz